Slovník dětského světa, aneb, Rozumíme si? /
Saved in:
| Main Author: | |
|---|---|
| Other Authors: | , |
| Format: | Book |
| Language: | Czech |
| Published: |
Praha :
Mladá fronta,
2006
|
| Edition: | Vyd. 1. |
| Series: | Žijeme s dětmi
sv. 16 |
| Subjects: | |
| ISBN: |
8020415130 (viaz.) |
| Physical Description: |
125 s. : il. ; 21 cm |
| Tags: |
Add Tag
No Tags, Be the first to tag this record!
|
Titul je dostupný aj v ... 

MARC
| LEADER | 00000nam a2200000 a 4500 | ||
|---|---|---|---|
| 001 | 000291663 | ||
| 005 | 20070315103509.0 | ||
| 008 | 070117s2006 xr a e bd 000 0 czeo | ||
| 020 | |a 8020415130 (viaz.) | ||
| 040 | |a SVKKK |b slo |c SVKKK |e AACR2 | ||
| 041 | 0 | |a cze | |
| 044 | |a xr |c CZ | ||
| 072 | 7 | |a 316 |x Sociológia |2 konspekt | |
| 080 | |a 316.346.32-053.4 |2 1997 | ||
| 080 | |a 159.922.7 |2 1997 | ||
| 080 | |a 173.5/.7 |2 1997 | ||
| 080 | |a 316.472.4 |2 1997 | ||
| 080 | |a 316.772.4 |2 1997 | ||
| 080 | |a (038.072) |2 1997 | ||
| 100 | 1 | |a Špaňhelová, Ilona, |d 1966- |4 aut | |
| 245 | 1 | 0 | |a Slovník dětského světa, aneb, Rozumíme si? / |c Ilona Špaňhelová ; [ilustrovaly Anička a Maruška Hanušovy] |
| 246 | 3 | 3 | |a Rozumíme si? |
| 250 | |a Vyd. 1. | ||
| 260 | |a Praha : |b Mladá fronta, |c 2006 | ||
| 300 | |a 125 s. : |b il. ; |c 21 cm | ||
| 440 | 0 | |a Žijeme s dětmi |v sv. 16 | |
| 500 | |a Údaj o il. prevzatý z tiráže | ||
| 504 | |a Bibliografia s. [127] | ||
| 650 | 0 | 7 | |a deti predškolského veku |2 SVKKKPH |
| 650 | 0 | 7 | |a psychológia dieťaťa |2 SVKKKPH |
| 650 | 0 | 7 | |a rodičia a deti |2 SVKKKPH |
| 650 | 0 | 7 | |a interpersonálne vzťahy |2 SVKKKPH |
| 650 | 0 | 7 | |a interpersonálna komunikácia |2 SVKKKPH |
| 655 | 7 | |a výkladové slovníky |2 SVKKKPH | |
| 655 | 7 | |a slovníky |2 SVKKKPH | |
| 700 | 1 | |a Hanušová, Anička |4 ill | |
| 700 | 1 | |a Hanušová, Maruška |4 ill | |
| 919 | |a 80-204-1513-0 | ||
| 998 | |a BK | ||
| 090 | |g SCKHL |k Sklad Pribinova 2. posch. |a III.205547 |j 985733 |i 2720098645 |s Absenčne | ||